000 01878nam0a2200373 4500
001 RU\NLR\b_ik\96553
005 20250616224917.0
035 _a(NLR Aleph) 002170518
090 _a2648117
_c2648117
100 _a20030407d2002 |||y0rusy50 ca
101 0 _aeng
_drus
102 _aRU
105 _aa |||||||||
200 1 _aRobust mapping of spatial data with support vector regression
_fA. Pozdnukhov, M. Kanevski, M. Maignan, S. Canu
210 _aM.
_cИБРАЭ РАН
_d2002
215 _a17 с.
_cил.
_d30
225 1 _aPreprint
_fRuss. acad. of sciences, Nuclear safety inst.
_vIBRAE-2002-18
300 _aНа обороте тит. л.: Робастное картирование пространственных данных с помощью регрессии на опорных векторах / Позднухов А. и др.
300 _aНадзаг. также на рус. яз.
300 _aРез. на рус. яз.
320 _aБиблиогр.: с. 17 (14 назв.)
517 0 _aРобастное картирование пространственных данных с помощью регрессии на опорных векторах
541 0 _aРобастное картирование пространственных данных с помощью регрессии на опорных векторах
_zrus
606 0 _aПочвы
_xЗагрязнение радиоактивным цезием
_yБрянская область
_92294223
_3RU\NLR\AUTH\661373847
686 4 _aП032.27в641.8(2Р344-4Бр)
686 4 _aР126.16(2Р344-4Бр)
701 1 _aPozdnuchov
_bA.
_4070
701 1 _aKanevski
_bM. F.
_gMichail Fedorovič
_4070
701 1 _aMaignan
_bM.
_4070
701 1 _aCanu
_bS.
_4070
801 0 _aRU
_bNLR
_c20030407
_gPSBO
942 _cBOOK
980 _aNB